Bergembira dengan grafik

Bibliographic Details
Main Author: Iskandar Ab Rashid
Other Authors: Zaitun Ismail
Format: Book
Published: Selangor : Venton Publishing , 2004
Series:Siri ICT Sekolah Rendah
Subjects:

MARC

LEADER 00000cam a2200000 7i4500
001 0000007469
005 20151222.0
008 070903
020 |a 9832031966 
090 0 0 |a COM   |b MAL 
100 0 |a Iskandar Ab Rashid 
245 1 0 |a Bergembira dengan grafik   |c Iskandar Ab Rashid;Zaitun Ismail 
260 |a Selangor :   |b Venton Publishing ,   |c 2004 
440 |a Siri ICT Sekolah Rendah 
500 |a Children ages 10-12 years old (pink) 
650 0 |a Computer 
650 0 |a Science 
700 0 |a Zaitun Ismail 
999 |a 0000983965   |b Book   |c REFERENCE   |e Perbadanan Perpustakaan Awam Johor 
999 |a 0001143869   |b Book   |c Children Collection   |e Cawangan Segamat 
999 |a 0001143871   |b Book   |c Children Collection   |e Cawangan Taman Universiti 
999 |a 0001146203   |b Book   |c Children Collection   |e Cawangan Bukit Gambir 
999 |a 0001146204   |b Book   |c Children Collection   |e Cawangan Tangkak 
999 |a 0001146205   |b Book   |c REFERENCE   |e Cawangan Bandar Tenggara 
999 |a 000983965   |b Book   |c REFERENCE   |e Cawangan Sri Merlong